Za tvořivé uplatnění elektroniky, automatizačních prostředků a systémů a robotů v čs. národním hospodářství 2. ročník celostátní soutěže

Salvato in:
Dettagli Bibliografici
Natura: Libro
Lingua:ceco
Pubblicazione: Bratislava Dom techniky ČSVTS 1987
Tags: Aggiungi Tag
Nessun Tag, puoi essere il primo ad aggiungerne!!

MARC

LEADER 00000nam a2200000 4500
001 c111586
005 20041019155150.2
041 0 |a cze 
044 |a SK 
245 1 0 |a Za tvořivé uplatnění elektroniky, automatizačních prostředků a systémů a robotů v čs. národním hospodářství  |b 2. ročník celostátní soutěže 
264 1 |a Bratislava  |b Dom techniky ČSVTS  |c 1987 
300 |a 64 s.  |e príl. 29 vol. l.